书目信息 |
| 题名: |
建筑策划
|
|
| 作者: | 曹亮功 著 | |
| 分册: | ||
| 出版信息: | 北京 中国建筑工业出版社 2017 |
|
| 页数: | 328页 | |
| 开本: | 26cm | |
| 丛书名: | ||
| 单 册: | ||
| 中图分类: | TU72 | |
| 科图分类: | ||
| 主题词: | 建筑工程--策划 | |
| 电子资源: | ||
| ISBN: | 978-7-112-20729-9 | |
| 000 | 00760nam 2200241 450 | |
| 001 | 0100004205 | |
| 005 | 20190611153657.10 | |
| 010 | @a978-7-112-20729-9@dCNY78.00 | |
| 100 | @a20171027d2017 em y0chiy50 ea | |
| 101 | 0 | @achi |
| 102 | @aCN@b110000 | |
| 105 | @aa z 000yy | |
| 200 | 1 | @a建筑策划@f曹亮功著 |
| 210 | @a北京@c中国建筑工业出版社@d2017 | |
| 215 | @a328页@c图@d26cm | |
| 312 | @a封面英文题名:Architectural planning | |
| 330 | @a建筑策划概述、建筑策划原理、建筑策划程序、建筑分类、商品住宅建筑策划、经营酒店建筑策划、商贸中心建筑策划、建筑策划思维。 | |
| 510 | 1 | @aArchitectural planning@zeng |
| 606 | 0 | @a建筑工程@x策划 |
| 690 | @aTU72@v5 | |
| 701 | 0 | @a曹亮功@4著 |
| 801 | 0 | @aCN@c201701015 |
| 905 | @a河南城建学院图书馆@dTU72@eC121 | |
| 建筑策划/曹亮功著.-北京:中国建筑工业出版社,2017 |
| 328页:图;26cm |
| ISBN 978-7-112-20729-9:CNY78.00 |
| 建筑策划概述、建筑策划原理、建筑策划程序、建筑分类、商品住宅建筑策划、经营酒店建筑策划、商贸中心建筑策划、建筑策划思维。 |
| ● |
| 相关链接 |
|
|
|
正题名:建筑策划
索取号:TU72/C121
 
预约/预借
| 序号 | 登录号 | 条形码 | 馆藏地/架位号 | 状态 | 备注 |
| 1 | 1304769 | 213047692 | 建筑库201/201建筑库 27排2列3层/ [索取号:TU72/C121] | 在馆 | |
| 2 | 1306216 | 213062166 | 建筑与城市规划学院资料室/ [索取号:TU72/C121] | 在馆 | |
| 3 | 1360421 | 213604214 | 建筑库201/201建筑库 27排2列3层/ [索取号:TU72/C121] | 在馆 | |
| 4 | 1360422 | 213604223 | 建筑库201/201建筑库 27排2列3层/ [索取号:TU72/C121] | 在馆 |